Globální značky a jejich komunikace

Budovanie globálnych značiek. Vnímanie globálnych značiek. Reklama globálnych značiek.

Salvato in:
Dettagli Bibliografici
Autore principale: Světlík, Jaroslav
Natura: Capitolo di libro
Lingua:ceco
Soggetti:
Tags: Aggiungi Tag
Nessun Tag, puoi essere il primo ad aggiungerne!!

MARC

LEADER 00000naa a2200000 4500
001 0150250
005 20231115065359.7
041 0 |a cze 
044 |a CZ 
245 1 0 |a Globální značky a jejich komunikace  |c Jaroslav Světlík 
520 |a Budovanie globálnych značiek. Vnímanie globálnych značiek. Reklama globálnych značiek. 
610 2 0 |a globalizácia 
610 2 0 |a značky výrobkov 
610 2 0 |a značky výrobné 
610 2 0 |a reklama 
610 2 0 |a komunikácia marketingová 
100 1 |a Světlík, Jaroslav